000 00599nam a2200229Ia 4500
003 OSt
005 20220928115419.0
006 a|||||r|||| 00| 0
007 ta
008 220927b |||||||| |||| 00| 0 eng d
024 _a34115
037 _cTextual
040 _aSDCL
_cSDCL
_beng
041 _2eng
_aeng
082 _aV2:1973'N7<N4, L7
100 _aTewari S C
_9444159
245 0 _aIndo-US,1947-1976
260 _aNew Delhi
_bRadiant Publishers
_c1977
300 _axi,179p
_ccm.
942 _hV2:1973'N7<N4, L7
_cTEXL
_2CC
999 _c759274
_d759274